Normal view MARC view
  • Looney, Robert E.

Entry Personal Name

Number of records used in: 1

001 - CONTROL NUMBER

  • control field: 22468

003 - CONTROL NUMBER IDENTIFIER

  • control field: NUST

005 - DATE AND TIME OF LATEST TRANSACTION

  • control field: 20191003092428.0

008 - FIXED-LENGTH DATA ELEMENTS

  • fixed length control field: 191003|| aca||aabn | a|a d

040 ## - CATALOGING SOURCE

  • Original cataloging agency: NUST
  • Transcribing agency: NUST

100 ## - HEADING--PERSONAL NAME

  • Personal name: Looney, Robert E.

670 ## - SOURCE DATA FOUND

  • Source citation: Work cat.: (NUST)0: Looney, Robert E., Economic origins of the Iranian Revolution /, c1982.
© 2023 Central Library, National University of Sciences and Technology. All Rights Reserved.